00605nam a22002177a 4500003000500000005001700005008004100022010001000063011001000073035001000083040000900093100002400102245003200126260003600158300001800194490004000212500005400252650002400306650001700330830004000347CHAP20220329134128.0971013s1959 r 00010 d a15838 a16810 a20892 cCHAP00aHoagland, Mahlon B. aNucleic acids and proteins. aSan Francisco :bFreeman,c1959 a9 p.b: ilus. aScientific American Offprintsv; 68 aReprinted from Scientific American, December 195914aAcidos nucléicos.14aProteínas.0 aScientific American Offprintsv; 68